<?xml version="1.0" encoding="UTF-8"?>
<record
    xmlns:xsi="http://www.w3.org/2001/XMLSchema-instance"
    xsi:schemaLocation="http://www.loc.gov/MARC21/slim http://www.loc.gov/standards/marcxml/schema/MARC21slim.xsd"
    xmlns="http://www.loc.gov/MARC21/slim">

  <leader>03004nam a2200361Ka 4500</leader>
  <controlfield tag="001">60319</controlfield>
  <controlfield tag="003">CO-BoRNBP</controlfield>
  <controlfield tag="005">20260122191428.0</controlfield>
  <controlfield tag="007">cr cn---------</controlfield>
  <controlfield tag="008">160614s2016    nyu     s     000 1 spa d</controlfield>
  <datafield tag="020" ind1=" " ind2=" ">
    <subfield code="a">9788420424095 (electronic bk)</subfield>
  </datafield>
  <datafield tag="040" ind1=" " ind2=" ">
    <subfield code="a">TEFOD</subfield>
    <subfield code="c">TEFOD</subfield>
  </datafield>
  <datafield tag="084" ind1=" " ind2=" ">
    <subfield code="a">FIC000000</subfield>
  </datafield>
  <datafield tag="100" ind1="1" ind2=" ">
    <subfield code="a">Restrepo, Laura.</subfield>
    <subfield code="9">15849</subfield>
  </datafield>
  <datafield tag="245" ind1="1" ind2="0">
    <subfield code="a">El sir&#xED;aco</subfield>
    <subfield code="h">[electronic resource] :</subfield>
    <subfield code="b">Pecado 6.</subfield>
    <subfield code="c">Laura Restrepo.</subfield>
  </datafield>
  <datafield tag="250" ind1=" " ind2=" ">
    <subfield code="a">1a. edici&#xF3;n</subfield>
  </datafield>
  <datafield tag="300" ind1=" " ind2=" ">
    <subfield code="a">1 online resource</subfield>
  </datafield>
  <datafield tag="336" ind1=" " ind2=" ">
    <subfield code="a">text</subfield>
    <subfield code="b">txt</subfield>
    <subfield code="2">rdacontent</subfield>
  </datafield>
  <datafield tag="337" ind1=" " ind2=" ">
    <subfield code="a">computer</subfield>
    <subfield code="b">c</subfield>
    <subfield code="2">rdamedia</subfield>
  </datafield>
  <datafield tag="338" ind1=" " ind2=" ">
    <subfield code="a">online resource</subfield>
    <subfield code="b">cr</subfield>
    <subfield code="2">rdacarrier</subfield>
  </datafield>
  <datafield tag="490" ind1="0" ind2=" ">
    <subfield code="a">Pecado.</subfield>
  </datafield>
  <datafield tag="500" ind1=" " ind2=" ">
    <subfield code="a">Title from eBook information screen..</subfield>
  </datafield>
  <datafield tag="520" ind1=" " ind2=" ">
    <subfield code="a">EL SIR&#xCD;ACO     Un relato sobre la soberbia        Sexto relato de los siete que componen    Pecado   , el nuevo libro de Laura Restrepo, que se comercializa en digital de forma seriada y con antelaci&#xF3;n a su publicaci&#xF3;n en papel, diariamente a partir del 11 de marzo.     &#xAB;Desde la soledad de su mirador, el Sir&#xED;aco desaf&#xED;a a la noche y se atiene a las consecuencias: ante &#xE9;l se abre un abismo de maravillas y de terrores. Suya es la lucidez; las cobijas son nuestra ceguera. Al Sir&#xED;aco no lo vemos pero contamos con su presencia, que palpita al fondo de las plazas, por encima de la &#xFA;ltima fila de tejados, detr&#xE1;s de los muladares, los desguazaderos, el matadero municipal y los huertos de tomate y berenjena.&#xBB;    &#xAB;El Sir&#xED;aco&#xBB;es un relato sobre un profeta soberbio perteneciente al libro  Pecado , donde  El jard&#xED;n de las delicias  de El Bosco parece haber dejado de estar colgado en el museo y se muestra m&#xE1;s real que nunca, vivido por personajes de carne y hueso que nos confiesan al o&#xED;do su particular relaci&#xF3;n con el mal. Sobre el lector recaer&#xE1; el reto moral de condenarlos o, tal vez, de indultarlos.   Con la fuerza y la sensibilidad que caracterizan su literatura, Laura Restrepo indaga en la complejidad &#xE9;tica de la transgresi&#xF3;n a trav&#xE9;s de una narraci&#xF3;n inquietante, original, por momentos aterradora y al mismo tiempo dulcemente humana. Cada pecado trae consigo su correspondiente culpa, pero tambi&#xE9;n su gota de alivio.    El 17 de marzo a la venta &#xAB;Amor sin pies ni cabeza&#xBB;, el s&#xE9;ptimo y &#xFA;ltimo pecado.</subfield>
  </datafield>
  <datafield tag="538" ind1=" " ind2=" ">
    <subfield code="a">Requires the Libby app or a modern web browser.</subfield>
  </datafield>
  <datafield tag="650" ind1="1" ind2="7">
    <subfield code="a">Fiction.</subfield>
    <subfield code="2">OverDrive</subfield>
    <subfield code="9">68276</subfield>
  </datafield>
  <datafield tag="650" ind1=" " ind2="7">
    <subfield code="a">Literature.</subfield>
    <subfield code="2">OverDrive</subfield>
    <subfield code="9">68277</subfield>
  </datafield>
  <datafield tag="655" ind1=" " ind2="7">
    <subfield code="a">Electronic books.</subfield>
    <subfield code="2">local</subfield>
    <subfield code="9">68278</subfield>
  </datafield>
  <datafield tag="856" ind1="4" ind2="0">
    <subfield code="u">http://link.overdrive.com/?websiteID=320062&amp;titleID=2630361</subfield>
    <subfield code="z">Click to access digital title.</subfield>
  </datafield>
  <datafield tag="856" ind1="4" ind2=" ">
    <subfield code="3">Excerpt</subfield>
    <subfield code="u">https://samples.overdrive.com/?crid=c5ac4e55-5d7a-4092-a68d-e126dbc0ee3e&amp;.epub-sample.overdrive.com</subfield>
    <subfield code="z">Sample</subfield>
  </datafield>
  <datafield tag="856" ind1="4" ind2=" ">
    <subfield code="3">Image</subfield>
    <subfield code="u">https://img1.od-cdn.com/ImageType-100/5835-1/%7BC5AC4E55-5D7A-4092-A68D-E126DBC0EE3E%7DImg100.jpg</subfield>
    <subfield code="z">Large cover image</subfield>
  </datafield>
  <datafield tag="856" ind1="4" ind2=" ">
    <subfield code="3">Thumbnail</subfield>
    <subfield code="u">https://img1.od-cdn.com/ImageType-200/5835-1/%7BC5AC4E55-5D7A-4092-A68D-E126DBC0EE3E%7DImg200.jpg</subfield>
    <subfield code="z">Thumbnail cover image</subfield>
  </datafield>
  <datafield tag="942" ind1=" " ind2=" ">
    <subfield code="2">ddc</subfield>
    <subfield code="c">BK</subfield>
  </datafield>
  <datafield tag="999" ind1=" " ind2=" ">
    <subfield code="c">60319</subfield>
    <subfield code="d">60319</subfield>
  </datafield>
  <datafield tag="952" ind1=" " ind2=" ">
    <subfield code="0">0</subfield>
    <subfield code="1">0</subfield>
    <subfield code="2">ddc</subfield>
    <subfield code="4">0</subfield>
    <subfield code="7">0</subfield>
    <subfield code="8">GEN</subfield>
    <subfield code="a">MEPCONCO</subfield>
    <subfield code="b">MEPCONCO</subfield>
    <subfield code="c">GEN</subfield>
    <subfield code="d">2026-01-22</subfield>
    <subfield code="l">0</subfield>
    <subfield code="o">FIC000000</subfield>
    <subfield code="p">PCON00310</subfield>
    <subfield code="r">2026-01-22 19:14:49</subfield>
    <subfield code="t">Ej.1</subfield>
    <subfield code="w">2026-01-22</subfield>
    <subfield code="y">BK</subfield>
  </datafield>
</record>
